[Event "Elit(Farsta-Stockholms SS)"]
[Site "?"]
[Date "2018.11.10"]
[Round "2"]
[White "Livner, Anders"]
[Black "Ertan, Can"]
[Result "1/2-1/2"]
[WhiteElo "2372"]
[BlackElo "2431"]
[PlyCount "116"]
1. Nf3 Nf6 2. c4 e6 3. g3 d5 4. Bg2 d4 5. O-O c5 6. e3 Nc6 7. exd4 cxd4 8. d3
Be7 9. Re1 O-O 10. Na3 Qb6 11. Nc2 a5 12. b3 Nd7 13. Rb1 Bb4 14. Bd2 Nc5 15.
Nfxd4 Nxd4 16. Nxd4 Rd8 17. Nc2 Nxd3 18. Be3 Qc7 19. Nxb4 Nxe1 20. Qxe1 axb4
21. Qxb4 Rxa2 22. h4 Rd3 23. Bf4 Qd8 24. Qc5 Ra5 25. Qb4 Rd1+ 26. Rxd1 Qxd1+
27. Kh2 Ra1 28. Qc5 Bd7 29. Be5 Qg1+ 30. Kh3 h5 31. Qe7 Bc6 32. Bxc6 bxc6 33.
Qe8+ Kh7 34. Qxc6 Ra5 35. Qe4+ Kg8 36. Bd4 Qd1 37. b4 Ra3 38. Be3 Qf1+ 39. Kh2
Rc3 40. c5 Rc4 41. Qa8+ Kh7 42. b5 f5 43. Qf3 Re4 44. b6 Qb5 45. Qxh5+ Kg8 46.
Qg5 Qd7 47. Qh5 Rg4 48. b7 Qxb7 49. Qe8+ Kh7 50. Qh5+ Kg8 51. Qe8+ Kh7 52. c6
Qb5 53. Qh5+ Kg8 54. Qe8+ Kh7 55. h5 Qe5 56. Kg1 Rxg3+ 57. fxg3 Qxe3+ 58. Kg2
Qe2+ 1/2-1/2

[Event "Elit(Limhamn-Wasa)"]
[Site "?"]
[Date "2018.11.10"]
[Round "2"]
[White "Lindberg, Bo"]
[Black "Schneider, Stefan"]
[Result "1-0"]
[WhiteElo "2379"]
[BlackElo "2365"]
[PlyCount "71"]
1. d4 e6 2. Nf3 Nf6 3. g3 b6 4. Bg2 Bb7 5. c4 Bb4+ 6. Bd2 c5 7. Bxb4 cxb4 8. a3
bxa3 9. Rxa3 O-O 10. O-O Qe7 11. Nc3 d6 12. Qd3 Nc6 13. e4 Nd7 14. Qe2 e5 15.
Nd5 Qd8 16. Rd1 Qb8 17. Bh3 Bc8 18. Ng5 Nf6 19. Nxf6+ gxf6 20. Bxc8 Qxc8 21.
Nf3 Qg4 22. dxe5 dxe5 23. Rd6 Nd8 24. Rxf6 Ne6 25. Qe3 Qg7 26. Rh6 Rfd8 27. h3
Rd1+ 28. Kh2 a5 29. Rh5 f6 30. Qxb6 Qd7 31. Rh6 Kg7 32. Nxe5 Qd2 33. Ng4 Re8
34. Qb7+ Qd7 35. Rxh7+ Kxh7 36. Nxf6+ 1-0

[Event "Elit(Schack 08-Rockaden,Umea)"]
[Site "?"]
[Date "2018.11.10"]
[Round "2"]
[White "Lindgren, Fredrik"]
[Black "Nyander, Joakim"]
[Result "1/2-1/2"]
[WhiteElo "2269"]
[BlackElo "2229"]
[PlyCount "44"]
1. d4 Nf6 2. Nf3 c5 3. c3 e6 4. g3 b6 5. Bg2 Bb7 6. O-O Be7 7. Nbd2 Qc7 8. Re1
d6 9. e4 e5 10. dxe5 dxe5 11. Nc4 Nbd7 12. Nh4 g6 13. a4 O-O 14. Qb3 Rfe8 15.
Bg5 Rad8 16. Rad1 Nf8 17. Rxd8 Bxd8 18. Nf3 Nxe4 19. Bxd8 Rxd8 20. Ncxe5 Nd2
21. Nxd2 Bxg2 22. Kxg2 Rxd2 1/2-1/2

[Event "Elit(Farsta-Stockholms SS)"]
[Site "?"]
[Date "2018.11.10"]
[Round "2"]
[White "Arman, Deniz"]
[Black "Ong, Kezli"]
[Result "0-1"]
[WhiteElo "2366"]
[BlackElo "2330"]
[PlyCount "118"]
1. c4 e5 2. Nc3 Nf6 3. g3 d5 4. cxd5 Nxd5 5. Bg2 Nb6 6. Nf3 Nc6 7. O-O Be7 8.
a3 O-O 9. d3 Be6 10. b4 Nd4 11. Rb1 Nxf3+ 12. Bxf3 Nd5 13. Qc2 Rc8 14. Ne4 b6
15. Qc6 Qe8 16. Qxe8 Rfxe8 17. Bb2 f6 18. Rfc1 c6 19. Rc2 Rc7 20. Rbc1 Rec8 21.
Nd2 Bf8 22. Nc4 c5 23. b5 Rd8 24. Rb1 Ne7 25. Bc3 Nf5 26. a4 Nd4 27. Bxd4 cxd4
28. Bc6 Kf7 29. Ra2 a5 30. Rc2 Rb8 31. Nxa5 bxa5 32. Be8+ Kxe8 33. Rxc7 Bd7 34.
Rbc1 Bb4 35. R1c4 Kd8 36. Ra7 Rc8 37. b6 Rxc4 38. dxc4 Kc8 39. c5 Bxa4 40. c6
Bxc6 41. Rc7+ Kb8 42. Rxc6 Kb7 43. Rc7+ Kxb6 44. Rxg7 a4 45. Rg8 a3 46. Rb8+
Kc5 47. Kg2 Kc4 48. Kf3 Kb3 49. Ra8 a2 50. Rxa2 Kxa2 51. Ke4 Kb3 52. Kd3 Bc3
53. f4 exf4 54. g4 h6 55. h3 Kb2 56. Ke4 Kc2 57. Kxf4 Kd2 58. Kf3 Ke1 59. h4
Bb2 0-1

[Event "Elit(Limhamn-Wasa)"]
[Site "?"]
[Date "2018.11.10"]
[Round "2"]
[White "Kabadayi, Can"]
[Black "Wedberg, Tom"]
[Result "1/2-1/2"]
[WhiteElo "2219"]
[BlackElo "2443"]
[PlyCount "42"]
1. d4 Nf6 2. c4 e6 3. g3 c5 4. d5 exd5 5. cxd5 d6 6. Nc3 g6 7. Bg2 Bg7 8. Nf3
O-O 9. O-O Re8 10. Bf4 Na6 11. Re1 Nc7 12. e4 Nh5 13. Bg5 f6 14. Bd2 f5 15. Bg5
Qd7 16. Nh4 Qf7 17. exf5 Rxe1+ 18. Qxe1 gxf5 19. Qe7 Qxe7 20. Bxe7 Bf8 21. Bxf8
Kxf8 1/2-1/2

[Event "Elit(Schack 08-Rockaden,Umea)"]
[Site "?"]
[Date "2018.11.10"]
[Round "2"]
[White "Drugge, Patrick"]
[Black "Johansson, David"]
[Result "1-0"]
[WhiteElo "2198"]
[BlackElo "2110"]
[PlyCount "69"]
1. e4 e6 2. d4 d5 3. exd5 exd5 4. Nf3 Bg4 5. h3 Bh5 6. Qe2+ Qe7 7. Be3 Nc6 8.
Nc3 O-O-O 9. O-O-O f6 10. g4 Bf7 11. Qd2 Qd7 12. Bb5 a6 13. Ba4 Nge7 14. Ne1
Kb8 15. Nd3 Nc8 16. Nc5 Bxc5 17. dxc5 h5 18. g5 N8e7 19. gxf6 gxf6 20. Ne2 Be6
21. Nd4 Bxh3 22. Nxc6+ Nxc6 23. Bxc6 bxc6 24. Qa5 Bg4 25. Bf4 Bxd1 26. Qb6+ Ka8
27. Qxa6+ Kb8 28. Qb6+ Kc8 29. Qa6+ Kb8 30. Rh3 Qxh3 31. Qb6+ Ka8 32. Qxc6+ Ka7
33. Qxc7+ Ka8 34. Qc6+ Ka7 35. Qb6+ 1-0

[Event "Elit(Farsta-Stockholms SS)"]
[Site "?"]
[Date "2018.11.10"]
[Round "2"]
[White "Backelin, Rikard"]
[Black "Seo, Jung Min"]
[Result "0-1"]
[WhiteElo "2354"]
[BlackElo "2360"]
[PlyCount "54"]
1. d4 Nf6 2. Bf4 b6 3. e3 Bb7 4. Nd2 e6 5. Ngf3 g6 6. Bd3 d5 7. Qe2 Bg7 8. h4
Nbd7 9. Ne5 a6 10. Nxd7 Nxd7 11. Nf3 h6 12. e4 c5 13. exd5 Bxd5 14. Be4 Bxe4
15. Qxe4 O-O 16. O-O-O cxd4 17. Ne5 Nf6 18. Qxd4 Qxd4 19. Rxd4 Nd5 20. Bg3 b5
21. Re1 Rac8 22. f3 Rfd8 23. Re2 h5 24. Rd1 Bh6+ 25. Rdd2 Bxd2+ 26. Rxd2 Ne3
27. Nd7 Rxd7 0-1

[Event "Elit(Limhamn-Wasa)"]
[Site "?"]
[Date "2018.11.10"]
[Round "2"]
[White "Bellon Lopez, Juan"]
[Black "Penalver, Osmani"]
[Result "1-0"]
[WhiteElo "2342"]
[BlackElo "2252"]
[PlyCount "63"]
1. d4 Nf6 2. Bf4 e6 3. e3 c5 4. c3 Nc6 5. Nd2 d5 6. Ngf3 Qb6 7. Qb3 c4 8. Qc2
Nh5 9. Be5 f6 10. Bg3 f5 11. Be2 Be7 12. Ne5 Nxg3 13. hxg3 Nxe5 14. dxe5 g6 15.
g4 fxg4 16. Bxg4 O-O 17. Ke2 Bd7 18. Rh6 Rf7 19. Rah1 Raf8 20. Qxg6+ Rg7 21.
Bxe6+ Bxe6 22. Qxe6+ Qxe6 23. Rxe6 Rxg2 24. Nf3 Rg7 25. Reh6 Rf5 26. Rd1 Rgf7
27. Rh3 b5 28. Rxd5 b4 29. Rd4 bxc3 30. bxc3 Ba3 31. Rxc4 Rb7 32. Kd3 1-0

[Event "Elit(Schack 08-Rockaden,Umea)"]
[Site "?"]
[Date "2018.11.10"]
[Round "2"]
[White "Lindgren, Mats"]
[Black "Bjorkeroth, Johan"]
[Result "1/2-1/2"]
[WhiteElo "2153"]
[BlackElo "2104"]
[PlyCount "53"]
1. e4 c6 2. d4 d5 3. e5 Bf5 4. c4 e6 5. Nc3 f6 6. Nf3 Bg4 7. cxd5 exd5 8. Be2
Nd7 9. O-O Qe7 10. Bf4 Bxf3 11. Bxf3 fxe5 12. dxe5 Nb6 13. Re1 g6 14. a4 Rd8
15. a5 Na8 16. Qa4 Qb4 17. Bg5 Qxa4 18. Rxa4 Be7 19. Be3 a6 20. Ne2 h5 21. Nf4
Kf7 22. Bd4 Rh6 23. g3 Nc7 24. Bb6 Rc8 25. Bg2 g5 26. Bh3 g4 27. Bg2 1/2-1/2

[Event "Elit(Farsta-Stockholms SS)"]
[Site "?"]
[Date "2018.11.10"]
[Round "2"]
[White "Thorn, Eric"]
[Black "Lundin, Jan"]
[Result "1/2-1/2"]
[WhiteElo "2293"]
[BlackElo "2288"]
[PlyCount "72"]
1. Nf3 d5 2. e3 c5 3. d4 e6 4. c4 Nf6 5. a3 dxc4 6. Bxc4 a6 7. dxc5 Qxd1+ 8.
Kxd1 Bxc5 9. b4 Be7 10. Bb2 a5 11. b5 Ne4 12. Ke2 Nd7 13. Nbd2 Nd6 14. Bxg7 Rg8
15. Bd4 Rxg2 16. Rhg1 Rxg1 17. Rxg1 Nf8 18. Bd3 a4 19. Ne5 f6 20. Nec4 Nxb5 21.
Nb6 Nxd4+ 22. exd4 Rb8 23. Bb5+ Kd8 24. Ndc4 Bd7 25. Nxd7 Nxd7 26. Rg7 Nf8 27.
f4 Rc8 28. Kd3 Rc7 29. Bxa4 Ng6 30. Rg8+ Bf8 31. f5 exf5 32. Nb6 Rg7 33. Rxg7
Bxg7 34. Nd5 Ne7 35. Nxe7 Kxe7 36. Bd1 Bh6 1/2-1/2

[Event "Elit(Limhamn-Wasa)"]
[Site "?"]
[Date "2018.11.10"]
[Round "2"]
[White "Helgason, Reynir"]
[Black "Moreau, Teodor"]
[Result "1-0"]
[WhiteElo "2309"]
[BlackElo "2320"]
[PlyCount "83"]
1. d4 Nf6 2. c4 c5 3. d5 b5 4. cxb5 a6 5. bxa6 Bxa6 6. Nc3 g6 7. e4 Bxf1 8.
Kxf1 d6 9. g3 Bg7 10. Kg2 Nbd7 11. Nf3 O-O 12. a4 Qb6 13. Qe2 Rfe8 14. Rd1 e6
15. dxe6 Rxe6 16. Bf4 Nh5 17. Bd2 Nhf6 18. Qb5 Qa7 19. Qd3 Qb7 20. Re1 h6 21.
a5 Nb8 22. Nd5 Na6 23. Nxf6+ Bxf6 24. Bxh6 Qxb2 25. Qd5 Qb8 26. Ng5 Nb4 27. Qc4
Re7 28. e5 Qb7+ 29. Kg1 Bxe5 30. a6 Nxa6 31. Rab1 Qd7 32. Qh4 Bf6 33. Qf4 Qf5
34. Ne4 Be5 35. Qh4 Rae8 36. Bg5 Re6 37. Bf6 Bxf6 38. Nxf6+ Kg7 39. Nxe8+ Rxe8
40. Rxe8 Qxb1+ 41. Kg2 Qb7+ 42. f3 1-0

[Event "Elit(Schack 08-Rockaden,Umea)"]
[Site "?"]
[Date "2018.11.10"]
[Round "2"]
[White "Schutz, Ingemar"]
[Black "Mardell, Jimmy"]
[Result "1/2-1/2"]
[WhiteElo "2211"]
[BlackElo "2139"]
[PlyCount "98"]
1. e4 c5 2. Nf3 d6 3. d4 cxd4 4. Nxd4 Nf6 5. Nc3 g6 6. f4 Nc6 7. Nxc6 bxc6 8.
e5 Nd7 9. Qe2 d5 10. Bd2 Bg7 11. O-O-O Nb6 12. Qf2 f6 13. Bd3 O-O 14. Qg3 fxe5
15. fxe5 Bf5 16. Bf4 Bxd3 17. Rxd3 Rf5 18. Re1 Qf8 19. Rf3 e6 20. Kb1 Nc4 21.
Bc1 Nxe5 22. Rxf5 Qxf5 23. Qe3 d4 24. Qxd4 Nf3 25. Qe3 Nxe1 26. Qxe1 Qe5 27.
Qf1 Rb8 28. Nd1 Rd8 29. h3 Qd5 30. Ne3 Qd4 31. Qf3 c5 32. Qc6 Qd6 33. Qb7 Qb6
34. Qe4 Rd4 35. Qa8+ Rd8 36. Qe4 Qd6 37. Nc4 Qd5 38. Qe2 e5 39. Ne3 Qd4 40. Qa6
Bh6 41. Nf5 gxf5 42. Qxh6 Rf8 43. Qe6+ Rf7 44. a3 f4 45. b3 Qg1 46. Qe8+ Rf8
47. Qe6+ Rf7 48. Qe8+ Rf8 49. Qe6+ Rf7 1/2-1/2

[Event "Elit(Rockaden,Sthlm-Eksjo)"]
[Site "?"]
[Date "2018.11.10"]
[Round "2"]
[White "Heberla, Bartlomiej"]
[Black "Blomqvist, Erik"]
[Result "1/2-1/2"]
[WhiteElo "2537"]
[BlackElo "2499"]
[PlyCount "55"]
1. d4 Nf6 2. c4 e6 3. Nc3 Bb4 4. Nf3 c5 5. e3 O-O 6. Bd2 cxd4 7. Nxd4 Nc6 8. a3
Be7 9. Bd3 d5 10. Nf3 dxc4 11. Bxc4 b6 12. Qe2 Bb7 13. Ba6 Qc8 14. Bxb7 Qxb7
15. O-O Rfd8 16. Rfd1 h6 17. Be1 a6 18. Rac1 b5 19. Rxd8+ Rxd8 20. a4 bxa4 21.
Nxa4 Nd7 22. Rd1 Qb3 23. Nc3 Qb7 24. Ne4 Nf6 25. Nxf6+ Bxf6 26. Rxd8+ Nxd8 27.
b3 Qxb3 28. Qxa6 1/2-1/2

[Event "Elit(Rockaden,Sthlm-Eksjo)"]
[Site "?"]
[Date "2018.11.10"]
[Round "2"]
[White "Neiksans, Arturs"]
[Black "Gdanski, Jacek"]
[Result "1/2-1/2"]
[WhiteElo "2566"]
[BlackElo "2460"]
[PlyCount "91"]
1. d4 Nf6 2. c4 c5 3. d5 d6 4. Nc3 g6 5. e4 Bg7 6. h3 O-O 7. Nf3 e6 8. Bd3 exd5
9. exd5 Qe7+ 10. Be3 Bh6 11. O-O Bxe3 12. Qe2 Nbd7 13. Rae1 a6 14. Qc2 b5 15.
Rxe3 Qd8 16. b3 b4 17. Nb1 Re8 18. Rfe1 Rxe3 19. Rxe3 Bb7 20. g4 Qf8 21. Qe2
Re8 22. Nbd2 Rxe3 23. Qxe3 Qe8 24. Qf4 Qe7 25. Nf1 Ne8 26. g5 f5 27. h4 Ne5 28.
Nxe5 Qxe5 29. Qe3 Bc8 30. Kg2 Ng7 31. Ng3 Kf7 32. Qxe5 dxe5 33. f4 exf4 34. Ne2
Nh5 35. Nc1 Ke7 36. Be2 Ng3 37. Kf3 Kd6 38. Kxf4 Ne4 39. Bd3 Nc3 40. Bc2 Bd7
41. Ke3 a5 42. Kf4 a4 43. Ke3 a3 44. Kf4 Be8 45. Bd3 Bf7 46. Bc2 1/2-1/2

[Event "Elit(LASK-Vasteras)"]
[Site "?"]
[Date "2018.11.10"]
[Round "2"]
[White "Hillarp Persson, Tiger"]
[Black "Akesson, Ralf"]
[Result "1-0"]
[WhiteElo "2544"]
[BlackElo "2372"]
[PlyCount "65"]
1. e4 c5 2. Nf3 Nc6 3. Bb5 g6 4. O-O Bg7 5. c3 e5 6. Na3 Nge7 7. Nc4 d6 8. d4
cxd4 9. cxd4 O-O 10. d5 Nb8 11. Bd2 Bg4 12. h3 Bxf3 13. Qxf3 Nc8 14. Na5 a6 15.
Be2 Ra7 16. Rac1 b6 17. Nc6 Nxc6 18. Rxc6 Ne7 19. Rc2 f5 20. Rfc1 Kh8 21. Be3
Qb8 22. a4 a5 23. h4 fxe4 24. Qxe4 Nf5 25. h5 gxh5 26. Bd3 Raf7 27. Qxf5 Rxf5
28. Bxf5 Qd8 29. Rc8 Qf6 30. Be6 h4 31. Bxb6 e4 32. Rxf8+ Bxf8 33. Rc4 1-0

[Event "Elit(Rockaden,Sthlm-Eksjo)"]
[Site "?"]
[Date "2018.11.10"]
[Round "2"]
[White "Schussler, Harry"]
[Black "Barkhagen, Jonas"]
[Result "1/2-1/2"]
[WhiteElo "2416"]
[BlackElo "2436"]
[PlyCount "32"]
1. d4 d5 2. c4 c6 3. Nf3 Nf6 4. Qc2 dxc4 5. Qxc4 Bf5 6. g3 e6 7. Bg2 Be7 8. O-O
O-O 9. Bg5 h6 10. Bxf6 Bxf6 11. Nc3 Nd7 12. Rac1 e5 13. Rfd1 Nb6 14. Qc5 Nd7
15. Qc4 Nb6 16. Qc5 Nd7 1/2-1/2

[Event "Elit(LASK-Vasteras)"]
[Site "?"]
[Date "2018.11.10"]
[Round "2"]
[White "Miezis, Normunds"]
[Black "Holm, Kristian Stuvik"]
[Result "1/2-1/2"]
[WhiteElo "2470"]
[BlackElo "2474"]
[PlyCount "112"]
1. c4 e6 2. e4 d5 3. exd5 exd5 4. d4 Nf6 5. Nc3 Bb4 6. Nf3 O-O 7. Be2 dxc4 8.
Bxc4 Nc6 9. O-O Bg4 10. Be3 Bh5 11. h3 Re8 12. a3 Ba5 13. g4 Bg6 14. b4 Bb6 15.
b5 Na5 16. Ba2 Ne4 17. Ne2 Nd6 18. Ne5 Nxb5 19. Nxg6 hxg6 20. Qd3 Nd6 21. Nf4
g5 22. Nh5 Re4 23. Bd5 Qe7 24. Rae1 c6 25. Bxe4 Qxe4 26. Qxe4 Nxe4 27. f3 Nc3
28. Bxg5 Nd5 29. Kg2 Bxd4 30. Re4 Bc5 31. a4 f6 32. Bf4 Rd8 33. Rfe1 Kf7 34.
Ng3 Nc3 35. Re6 Nd5 36. R6e4 Nc3 37. Re6 Nd5 38. Bc1 Nb3 39. R6e4 b5 40. axb5
cxb5 41. g5 Nxc1 42. Rxc1 Be3 43. Ra1 fxg5 44. Kh1 Bb6 45. Rg4 Rh8 46. Ne4
Rxh3+ 47. Kg2 Rh6 48. Rxg5 Rg6 49. Rxg6 Kxg6 50. Nd6 b4 51. Nc4 Ne3+ 52. Nxe3
Bxe3 53. Ra4 Bc5 54. Ra5 Bd4 55. Ra4 Bc5 56. Ra5 Bd4 1/2-1/2

[Event "Elit(Rockaden,Sthlm-Eksjo)"]
[Site "?"]
[Date "2018.11.10"]
[Round "2"]
[White "Salomon, Johan"]
[Black "Rothen, Hakan"]
[Result "1-0"]
[WhiteElo "2477"]
[BlackElo "2298"]
[PlyCount "69"]
1. e4 e6 2. d4 d5 3. Nc3 Nf6 4. e5 Nfd7 5. f4 c5 6. Nf3 Nc6 7. Be3 Be7 8. Qd2
O-O 9. h4 cxd4 10. Nxd4 Nxd4 11. Bxd4 f6 12. exf6 Bxf6 13. O-O-O Nb8 14. Bxf6
Qxf6 15. g3 Nc6 16. Bh3 d4 17. Ne4 Qg6 18. Bg2 e5 19. fxe5 Qe6 20. Kb1 Qxe5 21.
Rhe1 Qc7 22. Ng5 Bf5 23. Bd5+ Kh8 24. Be6 h6 25. Bxf5 Rxf5 26. Qd3 g6 27. Ne6
Qf7 28. Nxd4 Rf6 29. Nxc6 bxc6 30. Qc3 Kg8 31. Rd7 Qxd7 32. Qxf6 Qf5 33. Qxc6
Rd8 34. a3 h5 35. Qe6+ 1-0

[Event "Elit(LASK-Vasteras)"]
[Site "?"]
[Date "2018.11.10"]
[Round "2"]
[White "Smith, Axel"]
[Black "Pantzar, Milton"]
[Result "1-0"]
[WhiteElo "2492"]
[BlackElo "2300"]
[PlyCount "143"]
1. c4 c6 2. Nf3 d5 3. e3 Nf6 4. Nc3 g6 5. d4 Bg7 6. Be2 O-O 7. O-O Nbd7 8. a4
a5 9. cxd5 Nxd5 10. e4 Nb4 11. Bg5 Nb6 12. Qd2 Bg4 13. Rfd1 Be6 14. Bh6 Bb3 15.
Rdc1 f5 16. exf5 Rxf5 17. Bxg7 Kxg7 18. Ne4 Bd5 19. Nc5 Qc7 20. Ng5 Kg8 21. Bg4
Qf4 22. Qxf4 Rxf4 23. Be6+ Bxe6 24. Ngxe6 Rf6 25. Ng5 Rf5 26. Nf3 Rb8 27. Ra3
N6d5 28. Ne5 Rf4 29. Nf3 b6 30. Nd7 Rd8 31. Nde5 Rf6 32. Kf1 Kg7 33. Rb3 Rfd6
34. g3 Kg8 35. h4 Kg7 36. Kg2 Re6 37. Rh1 h6 38. Rc1 Red6 39. Re1 Rf6 40. Re2
Rfd6 41. Nc4 Rf6 42. Ra3 Rdf8 43. Nh2 Rf5 44. Ng4 Rd8 45. Nge3 Rf7 46. Nxd5
Rxd5 47. Nxb6 Rxd4 48. Rae3 Nd5 49. Nxd5 cxd5 50. b3 Rb4 51. Rd3 d4 52. Re4 e6
53. Rxe6 Rfb7 54. Ra6 Rc7 55. Rd6 Rc3 56. R6xd4 Rcxb3 57. Rd7+ Kf6 58. Rxb3
Rxb3 59. Rd5 Ra3 60. Rxa5 h5 61. Ra6+ Kf5 62. Ra8 Ke5 63. Re8+ Kf5 64. Rf8+ Ke5
65. Rf4 Ra1 66. Kf3 Ra3+ 67. Ke2 Rb3 68. Kd2 Rb8 69. Kc3 Rc8+ 70. Kb4 Rb8+ 71.
Kc5 Ra8 72. Kb6 1-0

[Event "Elit(Rockaden,Sthlm-Eksjo)"]
[Site "?"]
[Date "2018.11.10"]
[Round "2"]
[White "Vernersson, Per"]
[Black "Karlsson, Lars"]
[Result "1/2-1/2"]
[WhiteElo "2296"]
[BlackElo "2469"]
[PlyCount "58"]
1. d4 g6 2. e4 Bg7 3. c4 d6 4. Nc3 Nc6 5. Be3 e5 6. Nge2 f5 7. dxe5 Nxe5 8.
exf5 Bxf5 9. Nd4 Ne7 10. Be2 O-O 11. O-O Qd7 12. Qd2 Bg4 13. f3 Be6 14. b3 Rae8
15. Rad1 N5c6 16. Rfe1 Nxd4 17. Bxd4 Bxd4+ 18. Qxd4 Nc6 19. Qd2 Qg7 20. Bf1 g5
21. Bd3 g4 22. fxg4 Bxg4 23. Be2 Ne5 24. Bxg4 Nxg4 25. Rxe8 Rxe8 26. h3 Ne5 27.
Rf1 Kh8 28. Nd5 Rg8 29. Rf5 b6 1/2-1/2

[Event "Elit(LASK-Vasteras)"]
[Site "?"]
[Date "2018.11.10"]
[Round "2"]
[White "Bergstrom, Peter"]
[Black "Ahlander, Bjorn"]
[Result "0-1"]
[WhiteElo "2297"]
[BlackElo "2436"]
[PlyCount "72"]
1. e4 c5 2. Nf3 e6 3. d4 cxd4 4. Nxd4 a6 5. Bd3 Bc5 6. Nb3 Be7 7. Qg4 g6 8. Qe2
d6 9. a4 b6 10. O-O Nd7 11. Nc3 Bb7 12. Bd2 Qc7 13. f4 Ngf6 14. Rae1 O-O 15. g4
Rfe8 16. g5 Nh5 17. Nd1 e5 18. f5 d5 19. Nf2 Nf4 20. Bxf4 exf4 21. e5 Bb4 22.
e6 fxe6 23. fxg6 Bxe1 24. Rxe1 e5 25. Qh5 Nf8 26. Ng4 Re7 27. Nd4 e4 28. Nf5
Nxg6 29. Nf6+ Kh8 30. Nxe7 Qxe7 31. c4 f3 32. Bb1 Rf8 33. cxd5 Bxd5 34. Bxe4
f2+ 35. Kxf2 Bxe4 36. Rxe4 Rxf6+ 0-1

[Event "Elit(Rockaden,Sthlm-Eksjo)"]
[Site "?"]
[Date "2018.11.10"]
[Round "2"]
[White "Hedman, Erik"]
[Black "Ornstein, Axel"]
[Result "1-0"]
[WhiteElo "2372"]
[BlackElo "2306"]
[PlyCount "57"]
1. d4 Nf6 2. c4 e6 3. Nf3 d5 4. g3 Bb4+ 5. Bd2 Be7 6. Bg2 O-O 7. O-O c6 8. Bf4
dxc4 9. Ne5 Nd5 10. Nxc4 Nxf4 11. gxf4 c5 12. d5 exd5 13. Qxd5 Nd7 14. Nc3 Rb8
15. Rfd1 Qc7 16. Qe4 Nf6 17. Qe5 Qxe5 18. fxe5 Ng4 19. Nd5 Bd8 20. f4 f6 21. h3
Nh6 22. exf6 gxf6 23. e4 Nf7 24. a4 Be6 25. Ra3 b6 26. Bf3 Rb7 27. Kf2 f5 28.
exf5 Bxd5 29. Bxd5 1-0

[Event "Elit(LASK-Vasteras)"]
[Site "?"]
[Date "2018.11.10"]
[Round "2"]
[White "Jogstad, Martin"]
[Black "Vaarala, Eric"]
[Result "0-1"]
[WhiteElo "2305"]
[BlackElo "2320"]
[PlyCount "150"]
1. d4 d5 2. c4 c6 3. Nf3 e6 4. g3 f5 5. Bf4 Nf6 6. Bg2 Be7 7. O-O O-O 8. Nc3
Ne4 9. Ne5 Bf6 10. Qb3 Qb6 11. Bxe4 fxe4 12. Qxb6 axb6 13. h4 Nd7 14. Nxd7 Bxd7
15. Rfd1 Rf7 16. Bc7 Ra6 17. Rac1 Be8 18. Bd6 Rd7 19. Ba3 Bh5 20. Kg2 Kf7 21.
Kh3 Ke8 22. g4 Bf7 23. e3 h5 24. g5 Bd8 25. Ne2 Bg6 26. Nf4 Bf5+ 27. Kg3 Bg4
28. Rd2 Bc7 29. Rdc2 Rf7 30. Ra1 Rf5 31. cxd5 exd5 32. Bb4 Kd7 33. a4 b5 34. b3
bxa4 35. bxa4 Rf7 36. Rb2 Kc8 37. a5 b6 38. Rba2 bxa5 39. Bxa5 Bb8 40. Bc3 Rxa2
41. Rxa2 Rb7 42. Rb2 Ra7 43. Bb4 Rb7 44. Ba3 Rxb2 45. Bxb2 Bd6 46. Bc3 Kb7 47.
Kg2 Ka6 48. Kg3 Kb5 49. Be1 Bc7 50. Bc3 Kc4 51. Bd2 g6 52. Be1 Bf5 53. Bd2 Bb6
54. Be1 c5 55. dxc5 Bxc5 56. Ba5 Bd6 57. Bb6 Be5 58. Bd8 d4 59. exd4 Bxd4 60.
Bf6 Bb6 61. Ng2 Kd3 62. Nf4+ Kd2 63. Nd5 Bc5 64. Be5 Be6 65. Nf4 Bf7 66. Nh3
Ke2 67. Bc7 Kf1 68. Nf4 Bxf2+ 69. Kh3 Be8 70. Nd5 Bd7+ 71. Kh2 e3 72. Ne7 e2
73. Ba5 Bc5 74. Nxg6 Bd6+ 75. Kh1 Bc6# 0-1

[Event "Elit(Rockaden,Sthlm-Eksjo)"]
[Site "?"]
[Date "2018.11.10"]
[Round "2"]
[White "de Verdier, Michael"]
[Black "Engqvist, Thomas"]
[Result "1-0"]
[WhiteElo "2284"]
[BlackElo "2331"]
[PlyCount "69"]
1. Nf3 Nf6 2. c4 b6 3. e3 Bb7 4. d4 e6 5. Bd3 Bb4+ 6. Nbd2 O-O 7. O-O d5 8. a3
Bd6 9. b4 dxc4 10. Nxc4 Be7 11. Bb2 Qd5 12. Qe2 Nbd7 13. Rfd1 Ne4 14. Rac1 Ng5
15. Ncd2 Nxf3+ 16. Nxf3 Rfc8 17. e4 Qh5 18. Ba6 Rab8 19. d5 Bxa6 20. Qxa6 e5
21. d6 Bxd6 22. Rxd6 Nc5 23. Rxc5 bxc5 24. Rd5 cxb4 25. axb4 c5 26. Bxe5 Ra8
27. bxc5 Qg6 28. Qc4 a5 29. Bc3 Re8 30. Rg5 Qe6 31. Rxg7+ Kf8 32. Qxe6 Rxe6 33.
Rxh7 Rea6 34. Bf6 Ke8 35. Ne5 1-0

[Event "Elit(LASK-Vasteras)"]
[Site "?"]
[Date "2018.11.10"]
[Round "2"]
[White "Norberg, Johan"]
[Black "Mauritsson, Sebastian"]
[Result "0-1"]
[WhiteElo "2306"]
[BlackElo "2315"]
[PlyCount "108"]
1. Nf3 Nf6 2. g3 d5 3. Bg2 c6 4. b3 Bg4 5. Ne5 Bf5 6. Bb2 Nbd7 7. d4 e6 8. Nd2
Be7 9. O-O O-O 10. c4 h6 11. Re1 Bh7 12. Nxd7 Qxd7 13. e4 dxe4 14. Nxe4 Nxe4
15. Bxe4 Bxe4 16. Rxe4 Bf6 17. Qc2 Rad8 18. Rd1 g6 19. Ree1 Bg7 20. a4 Qc7 21.
Rd3 Rd7 22. Red1 Rfd8 23. Bc3 Qc8 24. Kg2 h5 25. h4 Rd6 26. R1d2 R8d7 27. Qd1
Qd8 28. Bb4 Rxd4 29. Rxd4 Rxd4 30. Rxd4 Bxd4 31. Qd3 e5 32. Bd2 Kg7 33. Bc1 Qf6
34. f3 Qe6 35. Bd2 Qe7 36. Bc1 Qb4 37. Bd2 Qa3 38. Qb1 Bb6 39. Bc3 Qc5 40. Qe1
f6 41. a5 Bc7 42. Qd2 Qd6 43. Qxd6 Bxd6 44. Kf2 Bc5+ 45. Ke2 Kf7 46. b4 Bg1 47.
Kf1 Bd4 48. Bd2 b5 49. axb6 axb6 50. Ke2 b5 51. cxb5 cxb5 52. g4 Ke6 53. Be1
Kd5 54. Kd3 f5 0-1

[Event "Elit(Rockaden,Sthlm-Eksjo)"]
[Site "?"]
[Date "2018.11.10"]
[Round "2"]
[White "Bator, Robert"]
[Black "Gajic, Mladen"]
[Result "1/2-1/2"]
[WhiteElo "2379"]
[BlackElo "2291"]
[PlyCount "45"]
1. c4 g6 2. g3 Bg7 3. Bg2 c5 4. Nc3 Nc6 5. Rb1 e6 6. a3 Nge7 7. e4 O-O 8. Nge2
a5 9. O-O d6 10. d3 e5 11. Bd2 Be6 12. Nd5 Nd4 13. b4 axb4 14. axb4 Nxe2+ 15.
Qxe2 b6 16. Nxe7+ Qxe7 17. Bc3 Ra3 18. Qb2 Rfa8 19. Ra1 Qa7 20. b5 Rxa1 21.
Rxa1 Qxa1+ 22. Qxa1 Rxa1+ 23. Bxa1 1/2-1/2

[Event "Elit(LASK-Vasteras)"]
[Site "?"]
[Date "2018.11.10"]
[Round "2"]
[White "Dragicevic, Drazen"]
[Black "Jonsson, Mikael"]
[Result "1-0"]
[WhiteElo "2344"]
[BlackElo "2244"]
[PlyCount "81"]
1. Nf3 g6 2. g3 Bg7 3. Bg2 c5 4. O-O Nc6 5. c4 Nf6 6. Nc3 O-O 7. Ne1 a6 8. Nd3
d6 9. a3 Na5 10. b3 Rb8 11. Nf4 Nd7 12. Qc2 Ne5 13. Rb1 Nac6 14. a4 Bd7 15. Ba3
Nd4 16. Qd1 Bc6 17. d3 Bxg2 18. Kxg2 b5 19. e3 Ndf3 20. axb5 axb5 21. Bb2 bxc4
22. bxc4 Qd7 23. Nb5 Qb7 24. e4 f5 25. Bxe5 Nxe5 26. Nc3 Qd7 27. Qa4 fxe4 28.
Qxd7 Nxd7 29. Nxe4 Ne5 30. h4 Rb4 31. Rxb4 cxb4 32. Rb1 Rb8 33. Nd5 Nxd3 34.
Nxe7+ Kf7 35. Nd5 b3 36. Nxd6+ Ke6 37. Nb5 b2 38. Ne3 Ra8 39. Nc7+ Kd6 40. Nxa8
Kc6 41. Nd5 1-0

[Event "Elit(Limhamn-Wasa)"]
[Site "?"]
[Date "2018.11.10"]
[Round "2"]
[White "Shirov, Alexei"]
[Black "Brynell, Stellan"]
[Result "1-0"]
[WhiteElo "2636"]
[BlackElo "2398"]
[PlyCount "65"]
[SourceDate "2018.11.13"]
1. e4 e6 2. d4 d5 3. e5 c5 4. c3 Nc6 5. Nf3 Bd7 6. Be2 f6 7. O-O fxe5 8. dxe5
Qc7 9. Bf4 O-O-O 10. Na3 a6 11. b4 c4 12. Rb1 h6 13. b5 Bxa3 14. bxc6 Qxc6 15.
Nd4 Qc7 16. Bg4 Re8 17. Nf5 Rf8 18. Nxg7 Rxf4 19. Nxe6 Bxe6 20. Bxe6+ Kb8 21.
Bxd5 b6 22. g3 Rf8 23. Qa4 Ne7 24. Bg2 Bc5 25. Qxa6 Qa7 26. Qb5 Rc8 27. a4 Rhd8
28. a5 Qd7 29. axb6 Qxb5 30. Rxb5 Nd5 31. Ra1 Nxb6 32. Ra8+ Kc7 33. Rxc5+ 1-0